| 000 | 00781nam a22002057a 4500 | ||
|---|---|---|---|
| 999 |
_c11031 _d11031 |
||
| 003 | AR-CdUCM | ||
| 008 | 190402b ||||| |||| 00| 0 spa d | ||
| 040 |
_aMUNICIPALIDAD PROVINCIAL DEL CUSCO _cBIBLIOTECA MUNICIPAL DEL CUSCO |
||
| 082 |
_a869.56 / _bR86 / 1950 |
||
| 100 |
_aRouillón, Guillermo _924819 |
||
| 245 | _aPresencia y actitud de nuestros poetas / | ||
| 260 |
_aLima : _bIris, _c1950. |
||
| 300 |
_a70 paginas ; _c22 cm. |
||
| 505 | _aContenido : Prefacio -- Himno a los voluntario de la república española, por Cesar Vallejo -- Elegía a la ciudad heroica, por Xavier Abril -- Romance de la muerte fecunda, por Cesar Miro ... | ||
| 650 |
_aPoesía _9444 |
||
| 650 |
_aPeruana _925277 |
||
| 650 |
_aLatinoamericana _95799 |
||
| 942 |
_2ddc _cLIBROS |
||
| 945 | _arah | ||